Online
Catalog

Vengo a decirle adiós a los muchachos / (Record no. 7468)

MARC details
000 -CABECERA
campo de control de longitud fija 00612cam a2200193 a 4500
001 - NÚMERO DE CONTROL
campo de control 000007688
005 - FECHA Y HORA DE LA ÚLTIMA TRANSACCIÓN
campo de control 20200929154249.0
008 - DATOS DE LONGITUD FIJA--INFORMACIÓN GENERAL
campo de control de longitud fija 900320s1993 pr 001 0bspa
040 ## - FUENTE DE LA CATALOGACIÓN
Centro catalogador/agencia de origen DO-SdBNP
Centro/agencia modificador BNPHU
082 ## - NÚMERO DE LA CLASIFICACIÓN DECIMAL DEWEY
Número de clasificación 927.95
Número de documento/Ítem R175v, 1993
100 1# - ENTRADA PRINCIPAL--NOMBRE DE PERSONA
Nombre de persona Ramos, Josean.
9 (RLIN) 21308
245 10 - MENCIÓN DE TÍTULO
Título Vengo a decirle adiós a los muchachos /
Mención de responsabilidad, etc. Josean Ramos.
250 ## - MENCIÓN DE EDICIÓN
Mención de edición 3a ed.
260 ## - PUBLICACIÓN, DISTRIBUCIÓN, ETC.
Lugar de publicación, distribución, etc. San Juan, Puerto Rico :
Nombre del editor, distribuidor, etc. Sociedad de Autores Libres,
Fecha de publicación, distribución, etc. 1993.
300 ## - DESCRIPCIÓN FÍSICA
Extensión 199 p. ;
Dimensiones 22 cm.
600 14 - PUNTO DE ACCESO ADICIONAL DE MATERIA--NOMBRE DE PERSONA
Nombre de persona SANTOS, DANIEL,
Fechas asociadas al nombre 1916-
9 (RLIN) 21309
650 #4 - PUNTO DE ACCESO ADICIONAL DE MATERIA--TÉRMINO DE MATERIA
Término de materia o nombre geográfico como elemento de entrada Cantantes
Subdivisión geográfica Latinoamerica
Subdivisión general Biografía
9 (RLIN) 21310
910 ## - DATOS DE OPCIÓN DEL USUARIO (OCLC)
Datos de opción del usuario Catalogación derivada
Holdings
Estado de retiro Estado de pérdida Restricciones de uso No para préstamo Código de colección Localización permanente Ubicación/localización actual Ubicación en estantería Fecha de adquisición Número de inventario Total de préstamos Signatura topográfica completa Código de barras Fecha visto por última vez Precio válido a partir de Tipo de ítem Koha
    Préstamo interno   Monografías: Libros y Folletos General General En catalogación 09.09.2009 LF1   927.95 R175v, 1993 7688-10 25.06.2020 25.06.2020 Préstamo interno

Powered by Koha